<?xml version="1.0" encoding="UTF-8"?><?xml-stylesheet type="text/xsl" href="static/style.xsl"?><OAI-PMH xmlns="http://www.openarchives.org/OAI/2.0/" xmlns:xsi="http://www.w3.org/2001/XMLSchema-instance" xsi:schemaLocation="http://www.openarchives.org/OAI/2.0/ http://www.openarchives.org/OAI/2.0/OAI-PMH.xsd"><responseDate>2026-04-27T20:16:08Z</responseDate><request verb="GetRecord" identifier="oai:uvadoc.uva.es:10324/4574" metadataPrefix="marc">https://uvadoc.uva.es/oai/request</request><GetRecord><record><header><identifier>oai:uvadoc.uva.es:10324/4574</identifier><datestamp>2025-05-06T12:43:53Z</datestamp><setSpec>com_10324_1132</setSpec><setSpec>com_10324_931</setSpec><setSpec>com_10324_894</setSpec><setSpec>col_10324_1205</setSpec></header><metadata><record xmlns="http://www.loc.gov/MARC21/slim" xmlns:doc="http://www.lyncode.com/xoai" xmlns:xsi="http://www.w3.org/2001/XMLSchema-instance" xmlns:dcterms="http://purl.org/dc/terms/" xsi:schemaLocation="http://www.loc.gov/MARC21/slim http://www.loc.gov/standards/marcxml/schema/MARC21slim.xsd">
<leader>00925njm 22002777a 4500</leader>
<datafield tag="042" ind1=" " ind2=" ">
<subfield code="a">dc</subfield>
</datafield>
<datafield tag="720" ind1=" " ind2=" ">
<subfield code="a">Gato Casado, Ángel Luis</subfield>
<subfield code="e">author</subfield>
</datafield>
<datafield tag="720" ind1=" " ind2=" ">
<subfield code="a">Moro Balbás, José Antonio</subfield>
<subfield code="e">author</subfield>
</datafield>
<datafield tag="720" ind1=" " ind2=" ">
<subfield code="a">Alonso Revuelta, María Isabel</subfield>
<subfield code="e">author</subfield>
</datafield>
<datafield tag="720" ind1=" " ind2=" ">
<subfield code="a">Bueno i Torrens, David</subfield>
<subfield code="e">author</subfield>
</datafield>
<datafield tag="720" ind1=" " ind2=" ">
<subfield code="a">Mano Bonín, Anibal de la</subfield>
<subfield code="e">author</subfield>
</datafield>
<datafield tag="260" ind1=" " ind2=" ">
<subfield code="c">2005</subfield>
</datafield>
<datafield tag="520" ind1=" " ind2=" ">
<subfield code="a">Early in development, the  behavior of neuroepithelial cells is controlled by several factors, which  act  in  a developmentally regulated manner. Dif- fusible factors are  secreted locally  by the  neuroepithelium itself, although other nearby structures may  also  be involved. Evidence suggests a physio- logical role for the  cerebrospinal ﬂuid  in the  development of the  brain. Here, using organotypic cultures of chick  embryo neuroepithelial explants from the  mesencephalon, we show that the  neuroepithelium in vitro  is not able to self-induce cell survival, replication, and  neurogenesis. We also  show  that the  embryonic cerebrospinal ﬂuid  (E-CSF) promotes neuroepithelial stem cell survival and  induces proliferation and  neurogenesis in  mesencephalic explants. These data strongly suggest that E-CSF is involved in the  regu- lation of neuroepithelial cells behavior, supporting the  hypothesis that this ﬂuid  plays a key  role  during the  early development of the  central nervous system.</subfield>
</datafield>
<datafield tag="024" ind2=" " ind1="8">
<subfield code="a">The Anatomical record. Part A, 2005, p. 475-484</subfield>
</datafield>
<datafield tag="024" ind2=" " ind1="8">
<subfield code="a">003-276X</subfield>
</datafield>
<datafield tag="024" ind2=" " ind1="8">
<subfield code="a">http://uvadoc.uva.es/handle/10324/4574</subfield>
</datafield>
<datafield tag="024" ind2=" " ind1="8">
<subfield code="a">10.1002/ar.a.20185</subfield>
</datafield>
<datafield tag="024" ind2=" " ind1="8">
<subfield code="a">475</subfield>
</datafield>
<datafield tag="024" ind2=" " ind1="8">
<subfield code="a">284 A</subfield>
</datafield>
<datafield tag="024" ind2=" " ind1="8">
<subfield code="a">484</subfield>
</datafield>
<datafield tag="024" ind2=" " ind1="8">
<subfield code="a">The anatomical record</subfield>
</datafield>
<datafield tag="024" ind2=" " ind1="8">
<subfield code="a">284 A</subfield>
</datafield>
<datafield ind1=" " ind2=" " tag="653">
<subfield code="a">Embriología</subfield>
</datafield>
<datafield ind1=" " ind2=" " tag="653">
<subfield code="a">Líquido cefalorraquídeo</subfield>
</datafield>
<datafield ind1=" " ind2=" " tag="653">
<subfield code="a">Neurología</subfield>
</datafield>
<datafield tag="245" ind1="0" ind2="0">
<subfield code="a">Embryonic cerebrospinal fluid regulates neuroepithelial survival proliferation and neurogenesis in chick embryos</subfield>
</datafield>
</record></metadata></record></GetRecord></OAI-PMH>